000 00632nam a2200217Ia 4500
001 11522
003 GE_BSU
008 181216s||||||||xx |||||||||||||| ||und||
040 _cGE_BSU
080 _a631.8
100 _aნაკაიძე,ი.
245 _aადგილობრივი სასუქები.
245 _cრედ:შ.ჭანიშვილი.
260 _aთბილისი.
260 _bსახელგამი.
260 _c1955.
300 _a194გვ;20სმ.
300 _eცხრ.
653 _aადგილობრივი სასუქები.
942 _cBK
999 _c44717
_d44717